书目信息 |
| 题名: |
物理学的进化
|
|
| 作者: | 阿尔伯特·爱因斯坦 著 | |
| 分册: | ||
| 出版信息: | 北京 商务印书馆 2019 |
|
| 页数: | 229页 | |
| 开本: | 20cm | |
| 丛书名: | ||
| 单 册: | ||
| 中图分类: | O4-091 | |
| 科图分类: | ||
| 主题词: | 物理学 | |
| 电子资源: | ||
| ISBN: | 7-100-16568-7 | |
| 000 | 00610nam0 2200193 450 | |
| 001 | 2237416437 | |
| 005 | 20220901102629.14 | |
| 010 | @a7-100-16568-7@dCNY42.00 | |
| 100 | @a20220901d2019 km y0chiy0120 ea | |
| 101 | 0 | @achi |
| 102 | @aCN@b110000 | |
| 200 | 1 | @a物理学的进化@AWu Li Xue De Jin Hua@f(美)阿尔伯特·爱因斯坦著@F(Mei)A Er Bo Te·Ai Yin Si Tan Zhu |
| 210 | @a北京@c商务印书馆@d2019 | |
| 215 | @a229页@d20cm | |
| 606 | 0 | @a物理学 |
| 690 | @aO4-091@v4 | |
| 701 | 0 | @a阿尔伯特·爱因斯坦@AA Er Bo Te·Ai Yin Si Tan@4著 |
| 801 | 0 | @aCN@b大连网信软件有限公司图书馆·11@c20220901 |
| 905 | @aZUCC@dO4-091@e1296 | |
| 物理学的进化/(美)阿尔伯特·爱因斯坦著.-北京:商务印书馆,2019 |
| 229页;20cm |
| ISBN 7-100-16568-7:CNY42.00 |
| ● |
| 相关链接 |
|
|
|
|
正题名:物理学的进化
索取号:O4-091/1296
 
预约/预借
| 序号 | 登录号 | 条形码 | 馆藏地/架位号 | 状态 | 备注 |
| 1 | 2056678 | 210566788 | 第二样本阅览室/ [索取号:O4-091/1296] | 在馆 |